1988 1838 1001 1570 1421 1553 1769 1119 1837 1575 1007 1347 1568 1084 1018 1500 1705 1897 1473 1587 1848 1342 1971 1928 1871 1394 1288 1361 1636 1617 1325 1661 1455 1736 1024 1822 1461 1488 1627 1238 1919 1375 1373 1062 1181 1663 1797 1536 1881 1179 1593 1776 1165 1486 1680 1290 1356 1805 1401 1738 1547 1089 1724 1595 1897 1509 1775 1543 1549 1734 1753 1828 1689 1840 1500 1674 1979 1390 1388 1306 1758 1774 1100 1473 1346 1879 1230 1208 1339 1009 1625 1885 1446 1305 1259 1118 1427 1550 1209 BCNSPRNW ULIB Ver.6.0+V

เปลี่ยนเป็นภาษาไทย

Change to English
 แสดงรายละเอียดบรรณานุกรม
  กลับหน้าหลัก

Brief Record : Get Marc (ISO 2709) : E-mail record : QR code < ปิดหน้าต่าง
LEADER : 00000nam 2200000uu 4500
001    13399114997
003     ULIB
008    120627s2549||||th 000 0 tha d
020    ^a9749995791
020    ^a9789749995792
050  4 ^aBF576^bจ631จ 2549
100 0  ^aจุฑารัตน์ เอื้ออำนวย
245 10 ^aจิตวิทยาสังคม /^cจุฑารัตน์ เอื้ออำนวย
250    ^aพิมพ์ครั้งที่ 2
260    ^aกรุงเทพฯ :^bสำนักพิมพ์แห่งจุฬาลงกรณ์มหาวิทยาลัย,^c2549
300    ^a275 หน้า ;^c21ซม.
650  4 ^aจิตวิทยาสังคม
945    ^p150^l0^i14514
995    ^aกัณชพร
999 ^a ใช้งานได้ทุกระบบ
รายการนี้ยังไม่มีแท็ก
คุณยังไม่ได้ล็อกอิน คุณสามารถมีกิจกรรมร่วมกับเว็บไซต์ได้ แต่ต้องล็อกอินก่อน ::
  ล็อกอิน

รายการสื่อสารสนเทศ

ลำดับที่ ประเภท เลขเรียก/บาร์โค้ด สถานที่ สถานะ
- ไม่พบข้อมูล -

รายการใกล้เคียง
    ผู้แต่ง [จุฑารัตน์ เอื้ออำนวย]

    หัวเรื่อง [จิตวิทยาสังคม]

BibComment


ยังไม่เคยถูกคอมเมนท์

คอมเมนท์ทรัพยากรรายการนี้
  คอมเมนท์: จิตวิทยาสังคม จ..


 Copyright 2026. Bcnsprnw @Library